| 000 | 02019nam a2200469 a 4500 | ||
|---|---|---|---|
| 001 | ebr10470516 | ||
| 003 | CaPaEBR | ||
| 006 | m u | ||
| 007 | cr cn||||||||| | ||
| 008 | 101005s2011 ne a sb 001 0 eng d | ||
| 010 | _z 2010042243 | ||
| 020 | _z9789004191785 (hbk. : acid-free paper) | ||
| 020 | _z9789004191983 (e-book) | ||
| 040 |
_aCaPaEBR _cCaPaEBR |
||
| 035 | _a(OCoLC)727951899 | ||
| 043 | _ae-ne--- | ||
| 050 | 1 | 4 |
_aDJ158 _b.P2 2011eb |
| 082 | 0 | 4 |
_a949.2/04 _222 |
| 245 | 0 | 0 |
_aPamphlets and politics in the Dutch Republic _h[electronic resource] / _cedited by Femke Deen, David Onnekink, Michel Reinders. |
| 260 |
_aLeiden ; _aBoston : _bBrill, _c2011. |
||
| 300 |
_ax, 261 p. : _bill. |
||
| 490 | 1 |
_aLibrary of the written word, _x1874-4834 ; _vv. 12 |
|
| 490 | 1 |
_aThe handpress world ; _vv. 7 |
|
| 504 | _aIncludes bibliographical references and index. | ||
| 505 | 0 | _apt. 1. The pamphlet and its function -- pt. 2. The pamphlet as an historical actor -- pt. 3. Public debate and the media. | |
| 533 |
_aElectronic reproduction. _bPalo Alto, Calif. : _cebrary, _d2013. _nAvailable via World Wide Web. _nAccess may be limited to ebrary affiliated libraries. |
||
| 650 | 0 |
_aPamphlets _zNetherlands _xHistory. |
|
| 650 | 0 |
_aPamphleteers _zNetherlands _xHistory. |
|
| 650 | 0 |
_aPolitical culture _zNetherlands _xHistory. |
|
| 651 | 0 |
_aNetherlands _xPolitics and government _y1556-1648. |
|
| 651 | 0 |
_aNetherlands _xPolitics and government _y1648-1714. |
|
| 651 | 0 |
_aNetherlands _xPolitics and government _y1714-1795. |
|
| 651 | 0 |
_aNetherlands _xIntellectual life. |
|
| 655 | 7 |
_aElectronic books. _2local |
|
| 700 | 1 | _aDeen, Femke. | |
| 700 | 1 | _aOnnekink, David. | |
| 700 | 1 |
_aReinders, Michel, _d1979- |
|
| 710 | 2 | _aebrary, Inc. | |
| 830 | 0 |
_aLibrary of the written word ; _v12. |
|
| 830 | 0 |
_aLibrary of the written word. _pHandpress world ; _v7. |
|
| 856 | 4 | 0 |
_uhttp://site.ebrary.com/lib/rucke/Doc?id=10470516 _zAn electronic book accessible through the World Wide Web; click to view |
| 999 |
_c115104 _d115104 |
||